Miss France depuis 2010 par images - Statistiques

Statistiques générales
  • Ce quiz a été pris 490 fois
  • Le résultat moyen est 12 sur 16
Statistiques - réponses
Par images Hint Réponse % Correct
2016 Iris Mittenaere
99%
2015 Camille Cerf
93%
2024 Ève Gilles
93%
2021 Amandine Petit
88%
2022 Diane Leyre
84%
2018 Maëva Coucke
84%
2025 Angélique Angarni-Filopon
79%
2020 Clémence Botino
72%
2023 Indira Ampiot
72%
2019 Vaimalama Chaves
71%
2013 Marine Lorphelin
70%
2017 Alicia Aylies
65%
2012 Delphine Wespiser
63%
2014 Flora Coquerel
62%
2011 Laury Tilleman
57%
2010 Malika Ménard
54%
Aucun quiz correspondant
Distribution des résultats
% des personnes avec chaque résultat
Percentile par nombre de réponses
Votre historique - résultats
Vous n’avez pas pris ce quiz